000
00296nam a22001217a 4500
008
180112b xxu||||| |||| 00| 0 eng d
041
_a
eng
080
_2
5 ED
_a
53
100
_a
43
101
_a
FIZ
245
_a
DONT PANIC A GUIDE TO INTRODUCTORY PHYSIC
_c
WILLIAM.H.B
942
_2
udc
_c
BK
999
_c
40213
_d
40213